2 Letters in 15 Categories Quiz Stats

 Plays Quiz Updated Nov 15, 2019

Score 0/15 Timer 01:00
19 Plays Today
Hint Answer % Correct
Vowel-less word for 'be quiet'Sh
89.1%
1986 Stephen King horror novelIt
85.4%
Publisher of Superman comicsDC
83.2%
2009 Pixar movieUp
81.8%
Greek letter or Roman '11'Xi
79.2%
Nickname for an American soldierG.I.
78%
Major British oil companyBP
76.5%
Chemical symbol for ironFe
74.4%
Hint Answer % Correct
Egyptian god of the sunRa
74%
NBC medical drama showER
72%
First note of the solf├Ęge scaleDo
69.3%
Board game or Monopoly spaceGo
68%
Baseball Hall of Famer CobbTy
64.9%
Postal code for Montpelier's stateVT
61.9%
Chinese zodiac animal of 2021Ox
61.3%

You're not logged in!

Compare scores with friends on all Sporcle quizzes.
OR
Log In

Sporcle TV

Today on Sporcle TV


Watch our educational content, quiz creation guides, and fun videos on Sporcle TV.

Show Comments

Extras

Top Quizzes Today


Score Distribution

Your Account Isn't Verified!

In order to create a playlist on Sporcle, you need to verify the email address you used during registration. Go to your Sporcle Settings to finish the process.

Report this User

Report this user for behavior that violates our Community Guidelines.

Details: